zpět

Detail výsledku týmu

Forrum, Brno

Datum a čas kvízu

31.5 Celkem bodů Celkový počet nahraných bodů na tomto kvízu bez doplňovacích otázek.
4. Pořadí na kvízu Konečné umístění týmu na tomto kvízu.

Zaznamenané odpovědi

# Otázka Odpověď Body Výsledky
1. Řídit soupravu pražského metra... 0
2. Loď slavného polárního badatel... 0
3. Americký herec, známý mimo jin... 1
4. Známá vltavská Barevná skála j... 0
5. Francouz Kevin Mayer je mistre... 0
6. Partnerem Hospodského kvízu se... 1
7. Když se řekne rum, může to něk... 1
8. Jak se jmenuje české město, v... 1
9. Napište podtitul druhého dílu... 1
10. Ikonou rumů značky Captain Mor... 0